The computerized society : An appraisal of the impact of computers on society over the next fifteen years

Đã lưu trong:
Bibliografiske detaljer
Hovedforfatter: Martin, James
Format: Bog
Sprog:Undetermined
Udgivet: England Harmondsworth 1973
Fag:
Tags: Tilføj Tag
Ingen Tags, Vær først til at tagge denne postø!
Thư viện lưu trữ: Trung tâm Học liệu Trường Đại học Cần Thơ
LEADER 00543nam a2200181Ia 4500
001 CTU_78186
008 210402s9999 xx 000 0 und d
082 |a 301.24 
082 |b M379 
100 |a Martin, James 
245 4 |a The computerized society : 
245 3 |b An appraisal of the impact of computers on society over the next fifteen years 
245 0 |c James Martin 
260 |a England 
260 |b Harmondsworth 
260 |c 1973 
650 |a Computers and civilization 
980 |a Trung tâm Học liệu Trường Đại học Cần Thơ